[Event "Junior Online 4NCL Division 4"]
[Site "online"]
[Date "2022.02.17"]
[EventDate "2022.02.17"]
[Round "3.58"]
[White "Eden, Ava"]
[WhiteElo "800"]
[WhiteTeam "Shropshire Juniors"]
[Black "Kailaje, Vedant"]
[BlackElo "940"]
[BlackTeam "Chess Challengers G"]
[Result "1-0"]
[PlyCount "37"]

1. Nf3 d5 2. Nc3 Nf6 3. d3 Nc6 4. e4 d4 5. e5 Ng4 6. Nb5 Bf5 7. h3 Nf6 8. Nh4 g5 9. Nxf5 Qd7 10. Nfxd4 Nxd4 11. Nxd4 Qxd4 12. exf6 exf6 13. c3 Qd7 14. Be2 O-O-O 15. Bg4 Qxg4 16. hxg4 Re8+ 17. Kd2 Rd8 18. Re1 Bc5 19. d4 1-0

[Event "Junior Online 4NCL Division 4"]
[Site "online"]
[Date "2022.02.17"]
[EventDate "2022.02.17"]
[Round "3.63"]
[White "Gascoyne, Thomas"]
[WhiteElo "1086"]
[WhiteTeam "Ojays F"]
[Black "Trim, Xanthe"]
[BlackElo "775"]
[BlackTeam "Edgware Gambits I"]
[Result "1-0"]
[PlyCount "47"]

1. e4 e5 2. Nf3 Nc6 3. Nc3 Nf6 4. Bc4 Bb4 5. d3 O-O 6. Bg5 h6 7. Bh4 d6 8. O-O Bg4 9. h3 Bh5 10. g4 Nxg4 11. hxg4 Bxg4 12. Bxd8 Nxd8 13. Kg2 Nc6 14. Kg3 Nd4 15. Kxg4 g5 16. Nd5 Bc5 17. c3 Rae8 18. cxd4 exd4 19. Nf6+ Kg7 20. Nxe8+ Rxe8 21. Nxg5 hxg5 22. Kxg5 f6+ 23. Kf4 Rf8 24. Qg4+ 1-0

[Event "Junior Online 4NCL Division 4"]
[Site "online"]
[Date "2022.02.17"]
[EventDate "2022.02.17"]
[Round "3.64"]
[White "Patel, Felicity"]
[WhiteElo "400"]
[WhiteTeam "Edgware Gambits I"]
[Black "Gray, Anna"]
[BlackElo "1000"]
[BlackTeam "Ojays F"]
[Result "0-1"]
[PlyCount "44"]

1. e4 e5 2. Bd3 Nf6 3. Be2 Be7 4. Nf3 Nc6 5. Nc3 O-O 6. Bb5 d6 7. Bxc6 bxc6 8. O-O Bg4 9. h3 Bh5 10. Kh1 Nd7 11. Ne2 Bh4 12. g3 Bg5 13. Nxg5 Qxg5 14. h4 Qg4 15. Rg1 Qf3+ 16. Rg2 Qxe4 17. d3 Qd5 18. Qd2 Bf3 19. b3 Bxg2+ 20. Kh2 Qf3 21. Kg1 Bh1 22. Kh2 Qg2# 0-1

[Event "Junior Online 4NCL Division 4"]
[Site "online"]
[Date "2022.02.17"]
[EventDate "2022.02.17"]
[Round "3.67"]
[White "Trim, Xanthe"]
[WhiteElo "775"]
[WhiteTeam "Edgware Gambits I"]
[Black "Gascoyne, Thomas"]
[BlackElo "1086"]
[BlackTeam "Ojays F"]
[Result "0-1"]
[PlyCount "44"]

1. d4 d5 2. e3 g6 3. c3 Bg7 4. Bb5+ Nc6 5. Bxc6+ bxc6 6. Nf3 Bf5 7. Nbd2 Nf6 8. Ng5 O-O 9. O-O Bh6 10. Ngf3 Qd6 11. g3 Bg4 12. Qa4 Ne4 13. Nxe4 dxe4 14. Ne5 Bh3 15. Re1 c5 16. Nc6 cxd4 17. cxd4 Qf6 18. Ne5 Rad8 19. Qxa7 Rd5 20. Qxc7 Rxe5 21. dxe5 Qf3 22. Qxe7 Qg2# 0-1

[Event "Junior Online 4NCL Division 4"]
[Site "online"]
[Date "2022.02.17"]
[EventDate "2022.02.17"]
[Round "3.68"]
[White "Gray, Anna"]
[WhiteElo "1000"]
[WhiteTeam "Ojays F"]
[Black "Patel, Felicity"]
[BlackElo "400"]
[BlackTeam "Edgware Gambits I"]
[Result "1-0"]
[PlyCount "43"]

1. e4 e5 2. Nf3 Nc6 3. Be2 Nf6 4. d3 Bb4+ 5. c3 Ba5 6. b4 Bb6 7. a4 O-O 8. O-O Ng4 9. a5 Bxf2+ 10. Rxf2 Nxf2 11. Kxf2 Re8 12. Kg1 d6 13. Ng5 f6 14. Nf3 Bg4 15. Ne1 Bxe2 16. Qxe2 b5 17. Qg4 Nb8 18. Bh6 g5 19. Qd1 Nc6 20. Qb3+ Kh8 21. Qf7 Rf8 22. Qg7# 1-0

[Event "Junior Online 4NCL Division 4"]
[Site "online"]
[Date "2022.02.17"]
[EventDate "2022.02.17"]
[Round "3.71"]
[White "Botnari, Sofia"]
[WhiteElo "922"]
[WhiteTeam "Chess Challengers F"]
[Black "Fung, Jacob"]
[BlackElo "1160"]
[BlackTeam "Hilsmark Juniors 2"]
[Result "0-1"]
[PlyCount "36"]

1. e4 e5 2. Qh5 Nf6 3. Qf3 Nc6 4. c3 Bc5 5. Bc4 d6 6. h3 Qe7 7. g4 a6 8. g5 Nd7 9. g6 hxg6 10. d4 Nb6 11. Bg5 Qd7 12. b4 Nxc4 13. bxc5 dxc5 14. dxe5 Qd2+ 15. Kf1 Qb2 16. e6 Rf8 17. exf7+ Rxf7 18. Qd1 Qxf2# 0-1

[Event "Junior Online 4NCL Division 4"]
[Site "online"]
[Date "2022.02.17"]
[EventDate "2022.02.17"]
[Round "3.72"]
[White "Nguyen, Hien-Lam"]
[WhiteElo "1228"]
[WhiteTeam "Hilsmark Juniors 2"]
[Black "Mukherjee, Abhijay"]
[BlackElo "1000"]
[BlackTeam "Chess Challengers F"]
[Result "0-1"]
[PlyCount "72"]

1. e4 e5 2. Nf3 Nc6 3. c3 Nf6 4. Bd3 Bc5 5. Bc2 a6 6. b4 Ba7 7. a4 O-O 8. a5 b5 9. d4 d6 10. dxe5 Nxe5 11. Nxe5 dxe5 12. Qf3 Bg4 13. Qg3 Qd7 14. Nd2 c5 15. f3 Be6 16. Nb3 cxb4 17. cxb4 Qd6 18. Bh6 Qxb4+ 19. Nd2 g6 20. Bxf8 Rxf8 21. Ke2 Bc4+ 22. Bd3 Bxd3+ 23. Kxd3 Qd4+ 24. Ke2 Qe3+ 25. Kd1 Rd8 26. Ra2 Qb3+ 27. Rc2 Qb1+ 28. Rc1 Qd3 29. Rc2 Bc5 30. Qe1 Qa3 31. Rf1 Qa1+ 32. Rc1 Qa4+ 33. Ke2 Nd7 34. Nb1 Qa2+ 35. Kd3 Nb6+ 36. Kc3 Na4# 0-1

[Event "Junior Online 4NCL Division 4"]
[Site "online"]
[Date "2022.02.17"]
[EventDate "2022.02.17"]
[Round "3.73"]
[White "Dixit, Atharva"]
[WhiteElo "950"]
[WhiteTeam "Chess Challengers F"]
[Black "Rajpal,Kian"]
[BlackElo "1000"]
[BlackTeam "Hilsmark Juniors 2"]
[Result "1-0"]
[PlyCount "21"]

1. e4 e5 2. Qh5 Nc6 3. Bc4 g6 4. Qf3 Nf6 5. d3 Bc5 6. Bg5 Be7 7. Nc3 d6 8. Nh3 Bxh3 9. Qxh3 Nh5 10. Qf3 Bxg5 11. Qxf7# 1-0

[Event "Junior Online 4NCL Division 4"]
[Site "online"]
[Date "2022.02.17"]
[EventDate "2022.02.17"]
[Round "3.74"]
[White "Pal, Rishit"]
[WhiteElo "647"]
[WhiteTeam "Hilsmark Juniors 2"]
[Black "Botnari, Diana"]
[BlackElo "913"]
[BlackTeam "Chess Challengers F"]
[Result "1-0"]
[PlyCount "63"]

1. e4 e5 2. Nc3 Nc6 3. Nf3 Nf6 4. Bc4 Bd6 5. d4 exd4 6. Nxd4 O-O 7. Nxc6 dxc6 8. Be3 h6 9. Qd2 Be5 10. Qxd8 Rxd8 11. O-O Bd7 12. Rad1 a6 13. f4 Bxc3 14. bxc3 Nxe4 15. Rd3 b5 16. Bb3 c5 17. c4 c6 18. Rfd1 Nf6 19. Bxc5 Rac8 20. cxb5 axb5 21. c3 Nd5 22. Bxd5 cxd5 23. Rxd5 g6 24. Bb4 h5 25. Rxd7 Rxd7 26. Rxd7 Re8 27. Kf2 Re4 28. Rd4 Re6 29. Rd5 Rf6 30. g3 g5 31. Rxg5+ Kh7 32. Rxh5+ 1-0

[Event "Junior Online 4NCL Division 4"]
[Site "online"]
[Date "2022.02.17"]
[EventDate "2022.02.17"]
[Round "3.75"]
[White "Fung, Jacob"]
[WhiteElo "1160"]
[WhiteTeam "Hilsmark Juniors 2"]
[Black "Botnari, Sofia"]
[BlackElo "922"]
[BlackTeam "Chess Challengers F"]
[Result "1-0"]
[PlyCount "87"]

1. e4 e5 2. Nf3 Qf6 3. Nc3 Nc6 4. Bb5 a6 5. Bd3 Nb4 6. Nd5 Qd6 7. Bc4 Nf6 8. c3 Nbxd5 9. exd5 Nxd5 10. d4 exd4 11. cxd4 Nb4 12. Ng5 Qg6 13. Bxf7+ Qxf7 14. Nxf7 Kxf7 15. a3 Nd5 16. Qf3+ Ke8 17. Qxd5 c6 18. Qe4+ Be7 19. Bg5 Kf7 20. Qxe7+ Kg6 21. O-O-O d5 22. h4 Kh5 23. Qe2+ Bg4 24. f3 Rhe8 25. fxg4+ Kg6 26. Qf3 Rf8 27. Qd3+ Kf7 28. Rhf1+ Kg8 29. Be7 Rxf1 30. Rxf1 Re8 31. Qf3 h6 32. Qf7+ Kh7 33. Qxe8 b5 34. g5 h5 35. g6+ Kh6 36. Qh8+ Kxg6 37. Bf8 c5 38. dxc5 d4 39. c6 d3 40. c7 d2+ 41. Kxd2 b4 42. c8=Q bxa3 43. bxa3 a5 44. Qc6# 1-0

[Event "Junior Online 4NCL Division 4"]
[Site "online"]
[Date "2022.02.17"]
[EventDate "2022.02.17"]
[Round "3.76"]
[White "Mukherjee, Abhijay"]
[WhiteElo "1000"]
[WhiteTeam "Chess Challengers F"]
[Black "Nguyen, Hien-Lam"]
[BlackElo "1228"]
[BlackTeam "Hilsmark Juniors 2"]
[Result "1-0"]
[PlyCount "35"]

1. e4 e5 2. Nf3 Nc6 3. Bc4 Nf6 4. Nc3 Bc5 5. a3 Ng4 6. O-O Nxf2 7. Qe2 Nh3+ 8. Kh1 Nf2+ 9. Kg1 Nxe4+ 10. d4 Nxc3 11. Qd3 exd4 12. Re1+ Ne7 13. Nxd4 Bxd4+ 14. Qxd4 O-O 15. Qxc3 Nf5 16. b3 Qh4 17. Bb2 Nd6 18. Qxg7# 1-0

[Event "Junior Online 4NCL Division 4"]
[Site "online"]
[Date "2022.02.17"]
[EventDate "2022.02.17"]
[Round "3.77"]
[White "Rajpal,Kian"]
[WhiteElo "1000"]
[WhiteTeam "Hilsmark Juniors 2"]
[Black "Dixit, Atharva"]
[BlackElo "950"]
[BlackTeam "Chess Challengers F"]
[Result "0-1"]
[PlyCount "60"]

1. e4 e5 2. Nf3 Nc6 3. Bc4 h6 4. d3 Bc5 5. Qe2 Nf6 6. Be3 Bb4+ 7. c3 Bd6 8. Nbd2 b6 9. O-O Bc5 10. Bxc5 bxc5 11. Rfe1 d6 12. Rad1 O-O 13. d4 cxd4 14. cxd4 exd4 15. a3 Re8 16. Bxf7+ Kxf7 17. Qc4+ Kf8 18. Qxc6 Bd7 19. Qb7 d3 20. e5 dxe5 21. Nxe5 Bg4 22. Nd7+ Qxd7 23. Rxe8+ Rxe8 24. Rc1 Bf5 25. Rxc7 Re1+ 26. Nf1 Qa4 27. Rf7+ Kg8 28. Rxg7+ Kf8 29. Rc7 Rxf1+ 30. Kxf1 Qd1# 0-1

[Event "Junior Online 4NCL Division 4"]
[Site "online"]
[Date "2022.02.17"]
[EventDate "2022.02.17"]
[Round "3.78"]
[White "Botnari, Diana"]
[WhiteElo "913"]
[WhiteTeam "Chess Challengers F"]
[Black "Pal, Rishit"]
[BlackElo "647"]
[BlackTeam "Hilsmark Juniors 2"]
[Result "0-1"]
[PlyCount "66"]

1. e4 e5 2. Nf3 Nc6 3. Nc3 Nf6 4. Bc4 Bc5 5. O-O d6 6. d3 Bg4 7. h3 Bh5 8. Nd5 g5 9. Nxg5 Bxd1 10. Rxd1 h6 11. Nf3 Nb4 12. c3 Nfxd5 13. exd5 Nc2 14. Rb1 Qe7 15. Rd2 e4 16. Nh2 e3 17. Rxc2 exf2+ 18. Rxf2 Qe1+ 19. Nf1 Qxf2+ 20. Kh2 Qxf1 21. d4 Qxc4 22. dxc5 Qxc5 23. Bf4 Qxd5 24. Re1+ Qe6 25. Rxe6+ fxe6 26. b4 O-O 27. Bxh6 Rf6 28. Bg5 Rg6 29. Bh4 Rf8 30. Be7 Rf7 31. Bh4 Rf4 32. Bg3 Rxg3 33. Kxg3 Rc4 0-1

[Event "Junior Online 4NCL Division 4"]
[Site "online"]
[Date "2022.02.17"]
[EventDate "2022.02.17"]
[Round "3.81"]
[White "Kannadasan, Bhagyashri"]
[WhiteElo "700"]
[WhiteTeam "Watford D"]
[Black "Ross, Drummer"]
[BlackElo "1000"]
[BlackTeam "Colchester Juniors C"]
[Result "1-0"]
[PlyCount "59"]

1. e4 e5 2. Nf3 Nc6 3. Nc3 Bb4 4. Bc4 Nf6 5. O-O Bxc3 6. dxc3 Nxe4 7. Qe1 d5 8. Bb3 Nc5 9. Nxe5 Nxe5 10. Qxe5+ Be6 11. Qxg7 Rf8 12. Bh6 Qe7 13. Qe5 Rg8 14. g3 O-O-O 15. Be3 Nxb3 16. axb3 Rge8 17. Qd4 Bh3 18. Qxa7 Bxf1 19. Kxf1 c6 20. Qa8+ Kc7 21. Qa5+ Kc8 22. Bb6 Rd6 23. Qa8+ Kd7 24. Qxb7+ Ke6 25. Re1+ Kf6 26. Rxe7 Rxe7 27. Bd4+ Kg6 28. Qxe7 Re6 29. Qf8 Kf5 30. Qxf7+ 1-0

[Event "Junior Online 4NCL Division 4"]
[Site "online"]
[Date "2022.02.17"]
[EventDate "2022.02.17"]
[Round "3.82"]
[White "He, Kingsley"]
[WhiteElo "945"]
[WhiteTeam "Colchester Juniors C"]
[Black "Naren, Riya"]
[BlackElo "614"]
[BlackTeam "Watford D"]
[Result "1-0"]
[PlyCount "21"]

1. e4 e5 2. Nf3 Nc6 3. Bc4 Bc5 4. d3 Nf6 5. Ng5 O-O 6. Bxf7+ Kh8 7. Qf3 d6 8. Ne6 Qe7 9. Nxf8 Qxf8 10. Bd5 Nxd5 11. Qxf8# 1-0

[Event "Junior Online 4NCL Division 4"]
[Site "online"]
[Date "2022.02.17"]
[EventDate "2022.02.17"]
[Round "3.83"]
[White "Mak, Jules"]
[WhiteElo "700"]
[WhiteTeam "Watford D"]
[Black "Wilde, Grace"]
[BlackElo "746"]
[BlackTeam "Colchester Juniors C"]
[Result "0-1"]
[PlyCount "56"]

1. e4 e5 2. Nf3 Nc6 3. Nc3 d6 4. Bb5 Bg4 5. Bxc6+ bxc6 6. h3 Be6 7. O-O Be7 8. Ng5 Bxg5 9. Qh5 Bc4 10. Qf3 Bxf1 11. Kxf1 Nf6 12. d4 exd4 13. Bxg5 dxc3 14. bxc3 h6 15. Bf4 Rb8 16. Bd2 Qe7 17. Qh5 Nxh5 18. g4 Qxe4 19. gxh5 Qh1+ 20. Ke2 Qxa1 21. f4 Rb1 22. Kd3 Qxa2 23. f5 Rb2 24. Ke4 Rxc2 25. Bf4 Re2+ 26. Kf3 Rf2+ 27. Ke4 Qe2+ 28. Kd4 Rxf4# 0-1

[Event "Junior Online 4NCL Division 4"]
[Site "online"]
[Date "2022.02.17"]
[EventDate "2022.02.17"]
[Round "3.84"]
[White "Zurek, Gabriel"]
[WhiteElo "480"]
[WhiteTeam "Colchester Juniors C"]
[Black "Koleti, Srimayi"]
[BlackElo "589"]
[BlackTeam "Watford D"]
[Result "0-1"]
[PlyCount "66"]

1. e4 e6 2. d4 Nc6 3. Nf3 d5 4. exd5 exd5 5. Nc3 Nf6 6. Bd3 Qe7+ 7. Ne2 Qd8 8. O-O a5 9. Re1 Bd6 10. Nc3+ Kf8 11. Ng5 h6 12. Nf3 g5 13. Re2 g4 14. Nh4 Rg8 15. Nf5 Bb4 16. Nxh6 Nxd4 17. Nxg8 Kxg8 18. Bg5 Qd6 19. Bxf6 Qxf6 20. Re8+ Kg7 21. Nxd5 Qd6 22. Nxb4 axb4 23. Qxg4+ Bxg4 24. Rae1 b3 25. axb3 Bd7 26. Rxa8 Bc6 27. c3 Nxb3 28. Bc4 Nc5 29. Bxf7 Kxf7 30. h4 b5 31. h5 Bxa8 32. g4 Qd5 33. h6 Qg2# 0-1

[Event "Junior Online 4NCL Division 4"]
[Site "online"]
[Date "2022.02.17"]
[EventDate "2022.02.17"]
[Round "3.85"]
[White "Ross, Drummer"]
[WhiteElo "1000"]
[WhiteTeam "Colchester Juniors C"]
[Black "Kannadasan, Bhagyashri"]
[BlackElo "700"]
[BlackTeam "Watford D"]
[Result "1-0"]
[PlyCount "55"]

1. e4 e5 2. Nf3 Nc6 3. Bc4 Nh6 4. Ng5 Qxg5 5. O-O d6 6. Qf3 Bg4 7. Qb3 O-O-O 8. d3 Nd4 9. Bxg5 Nxb3 10. axb3 Re8 11. Rxa7 f6 12. Ra8+ Kd7 13. Bb5+ Ke7 14. Rxe8+ Kf7 15. Bxh6 gxh6 16. h3 Bh5 17. Nc3 Rg8 18. g4 Bxg4 19. hxg4 Rxg4+ 20. Kh1 h5 21. Rg1 Rh4+ 22. Kg2 Rg4+ 23. Kf1 Rh4 24. Bd7 Bh6 25. Nd5 f5 26. Re6 fxe4 27. Rxh6 c6 28. Rf6# 1-0

[Event "Junior Online 4NCL Division 4"]
[Site "online"]
[Date "2022.02.17"]
[EventDate "2022.02.17"]
[Round "3.86"]
[White "Naren, Riya"]
[WhiteElo "614"]
[WhiteTeam "Watford D"]
[Black "He, Kingsley"]
[BlackElo "945"]
[BlackTeam "Colchester Juniors C"]
[Result "0-1"]
[PlyCount "70"]

1. e4 e5 2. Nf3 Nc6 3. Bc4 Bc5 4. Nc3 Nf6 5. O-O O-O 6. d3 Ng4 7. Re1 Bxf2+ 8. Kf1 Bxe1 9. Qxe1 Nd4 10. Qd1 Nxf3 11. Qxf3 Nxh2+ 12. Kf2 Nxf3 13. Kxf3 Qf6+ 14. Ke2 d6 15. Be3 Bg4+ 16. Kd2 a6 17. Ke1 Qh4+ 18. Kf1 Qh1+ 19. Kf2 Qxa1 20. Bd5 Rab8 21. Ba7 Ra8 22. Be3 Qxb2 23. Na4 Qxc2+ 24. Kg3 Qxa4 25. Bxb7 Rab8 26. Bd5 Be6 27. Bxe6 fxe6 28. Ba7 Rb7 29. Be3 Qxa2 30. Bg5 Qb3 31. Be7 Qxd3+ 32. Kh2 Rf4 33. g3 Rxe4 34. Kh1 Re2 35. Kg1 Qd1# 0-1

[Event "Junior Online 4NCL Division 4"]
[Site "online"]
[Date "2022.02.17"]
[EventDate "2022.02.17"]
[Round "3.87"]
[White "Wilde, Grace"]
[WhiteElo "746"]
[WhiteTeam "Colchester Juniors C"]
[Black "Mak, Jules"]
[BlackElo "700"]
[BlackTeam "Watford D"]
[Result "1-0"]
[PlyCount "21"]

1. e4 e5 2. Nf3 Bb4 3. c3 Ba5 4. Bc4 Nf6 5. Nxe5 Nxe4 6. Bxf7+ Ke7 7. Qf3 Nc5 8. d4 Na4 9. Bg5+ Kf8 10. Be6+ Ke8 11. Qf7# 1-0

[Event "Junior Online 4NCL Division 4"]
[Site "online"]
[Date "2022.02.17"]
[EventDate "2022.02.17"]
[Round "3.91"]
[White "Bhargava, Aarav"]
[WhiteElo "818"]
[WhiteTeam "Uxbridge F"]
[Black "Peverett, Kian"]
[BlackElo "1025"]
[BlackTeam "Surrey Kings 3"]
[Result "0-1"]
[PlyCount "66"]

1. e4 c5 2. Nf3 Nc6 3. Bc4 e6 4. O-O g6 5. Nc3 Bg7 6. d3 Nf6 7. Bg5 h6 8. Bxf6 Bxf6 9. Bb5 O-O 10. e5 Nxe5 11. Ne4 Nxf3+ 12. Qxf3 Bxb2 13. Nf6+ Qxf6 14. Qxf6 Bxf6 15. Rae1 a6 16. Bc4 b5 17. Bb3 a5 18. c4 b4 19. Ba4 Bc3 20. Rc1 Bb7 21. f3 Rfd8 22. Kh1 d5 23. Rfe1 Bxe1 24. Rxe1 dxc4 25. dxc4 Rd2 26. h3 Rxa2 27. Bb3 Rb2 28. Ba4 Rd8 29. Kh2 Rdd2 30. Kh1 Rxg2 31. f4 Rh2+ 32. Kg1 Rbg2+ 33. Kf1 Rh1# 0-1

[Event "Junior Online 4NCL Division 4"]
[Site "online"]
[Date "2022.02.17"]
[EventDate "2022.02.17"]
[Round "3.92"]
[White "Josse, Jack"]
[WhiteElo "1106"]
[WhiteTeam "Surrey Kings 3"]
[Black "Brown, Adam"]
[BlackElo "792"]
[BlackTeam "Uxbridge F"]
[Result "1-0"]
[PlyCount "35"]

1. e4 e5 2. d4 exd4 3. Qxd4 Nc6 4. Qe3 Bb4+ 5. c3 Bd6 6. Bc4 Nh6 7. Qf3 Bc5 8. Bxh6 f6 9. Bg5 h6 10. Qh5+ Ke7 11. Qf7+ Kd6 12. Bf4+ Ne5 13. Qd5+ Ke7 14. Qxc5+ d6 15. Qd5 Rg8 16. Nf3 Nd3+ 17. Kd2 Nxf4 18. Qf7# 1-0

[Event "Junior Online 4NCL Division 4"]
[Site "online"]
[Date "2022.02.17"]
[EventDate "2022.02.17"]
[Round "3.93"]
[White "Vijayakumar, Mrinali"]
[WhiteElo "749"]
[WhiteTeam "Uxbridge F"]
[Black "Oâ€™Sullivan, Jack"]
[BlackElo "978"]
[BlackTeam "Surrey Kings 3"]
[Result "0-1"]
[PlyCount "102"]

1. e4 e6 2. Nc3 d5 3. exd5 exd5 4. Qe2+ Be7 5. Nf3 Nf6 6. Ne5 d4 7. Nb5 c5 8. Qc4 Be6 9. Qd3 O-O 10. f4 g6 11. Qf3 Nbd7 12. Nxd7 Qxd7 13. d3 Qxb5 14. Bd2 Qxb2 15. Rd1 b6 16. Qb7 Rfe8 17. h4 Bd6 18. g3 Bg4+ 19. Be2 Bxe2 20. Kf2 Bxd1 21. Rxd1 Qxc2 22. Qf3 Qxa2 23. f5 Rf8 24. fxg6 fxg6 25. g4 Nxg4+ 26. Ke2 Rxf3 27. Kxf3 Nh2+ 28. Ke4 Qc2 29. Rf1 Qxd2 30. Rf6 Qe3+ 31. Kd5 Qe5+ 32. Kc6 Qxf6 33. Kb5 Qxh4 34. Kc6 Qe7 35. Kb5 Nf3 36. Ka6 Ne1 37. Kb5 Nxd3 38. Kc4 Ne5+ 39. Kb5 Bc7 40. Ka4 a6 41. Kb3 c4+ 42. Kc2 Qb4 43. Kd1 d3 44. Kc1 Qc3+ 45. Kd1 Qc2+ 46. Ke1 d2+ 47. Kf2 d1=Q+ 48. Kg3 Qce2 49. Kf4 Qdf1+ 50. Kg5 Qeg2+ 51. Kh6 Qfh1# 0-1

[Event "Junior Online 4NCL Division 4"]
[Site "online"]
[Date "2022.02.17"]
[EventDate "2022.02.17"]
[Round "3.94"]
[White "Edwards, Zachary"]
[WhiteElo "882"]
[WhiteTeam "Surrey Kings 3"]
[Black "Patange, Rashi"]
[BlackElo "684"]
[BlackTeam "Uxbridge F"]
[Result "1-0"]
[PlyCount "37"]

1. d4 e6 2. Nf3 b6 3. e3 Nc6 4. e4 Nf6 5. Nc3 Bb7 6. e5 Nd5 7. Nxd5 exd5 8. Bg5 Be7 9. Bxe7 Qxe7 10. Bb5 Qb4+ 11. Qd2 Qxb5 12. a4 Qxb2 13. Rd1 O-O 14. Qd3 Qb4+ 15. Rd2 Qb1+ 16. Rd1 Qb2 17. Ng5 Qb4+ 18. c3 Qb2 19. Qxh7# 1-0

[Event "Junior Online 4NCL Division 4"]
[Site "online"]
[Date "2022.02.17"]
[EventDate "2022.02.17"]
[Round "3.95"]
[White "Peverett, Kian"]
[WhiteElo "1025"]
[WhiteTeam "Surrey Kings 3"]
[Black "Bhargava, Aarav"]
[BlackElo "818"]
[BlackTeam "Uxbridge F"]
[Result "1-0"]
[PlyCount "35"]

1. e4 e5 2. Nf3 Nf6 3. Nc3 g6 4. Nxe5 Bg7 5. Bc4 O-O 6. d4 Nc6 7. Nxc6 dxc6 8. Be3 b5 9. Bb3 Bg4 10. f3 Bd7 11. Qd2 Nh5 12. g4 Qh4+ 13. Bf2 Qh3 14. gxh5 Qg2 15. O-O-O Qxf3 16. hxg6 Bh6 17. Qxh6 Bg4 18. Qxh7# 1-0

[Event "Junior Online 4NCL Division 4"]
[Site "online"]
[Date "2022.02.17"]
[EventDate "2022.02.17"]
[Round "3.96"]
[White "Brown, Adam"]
[WhiteElo "792"]
[WhiteTeam "Uxbridge F"]
[Black "Josse, Jack"]
[BlackElo "1106"]
[BlackTeam "Surrey Kings 3"]
[Result "1-0"]
[PlyCount "151"]

1. e4 e5 2. Nc3 Nc6 3. Bb5 a6 4. Bxc6 dxc6 5. d3 Bc5 6. Nf3 h5 7. O-O Bg4 8. Qe2 Nf6 9. g3 Bh3 10. Qd1 Ng4 11. Bg5 f6 12. d4 exd4 13. Nxd4 Bxd4 14. Ne2 c5 15. c3 Bxf1 16. cxd4 cxd4 17. Bxf6 gxf6 18. Nxd4 f5 19. Kxf1 Nxh2+ 20. Kg2 Rg8 21. Ne6 Qe7 22. Nxc7+ Qxc7 23. Rc1 Qg7 24. Qxh5+ Qg6 25. Qxh2 f4 26. Rc3 Qxe4+ 27. Kf1 f3 28. Qh5+ Qg6 29. Qxf3 Rh8 30. Re3+ Kd8 31. Rd3+ Kc8 32. Rc3+ Kb8 33. Re3 Qb1+ 34. Re1 Qxb2 35. Qe4 Qb5+ 36. Re2 Rc8 37. Qf4+ Rc7 38. Qf3 Rc1+ 39. Kg2 Qb1 40. Qf8+ Ka7 41. Qf3 Rg1+ 42. Kh3 Rh8+ 43. Kg4 Qb4+ 44. Re4 Rg8+ 45. Kf5 Qf8+ 46. Ke5 Qe8+ 47. Kf4 Rf8+ 48. Ke3 Re1+ 49. Kd4 Qd8+ 50. Ke5 Re8+ 51. Kf4 Qf6+ 52. Kg4 Rg8+ 53. Kh3 Rh1+ 54. Kg2 Rgh8 55. Qxf6 R8h2+ 56. Kf3 Rf1 57. Ra4 Rhxf2+ 58. Ke4 Re2+ 59. Kd5 Rd1+ 60. Rd4 Red2 61. Rxd2 Rxd2+ 62. Qd4+ b6 63. Qxd2 b5 64. Qa5 Kb7 65. a3 Ka7 66. a4 bxa4 67. Qxa4 a5 68. Qxa5+ Kb7 69. g4 Kc8 70. g5 Kd7 71. Qe1 Kd8 72. Qg1 Ke8 73. g6 Kf8 74. g7+ Kg8 75. Qg5 Kh7 76. g8=Q# 1-0

[Event "Junior Online 4NCL Division 4"]
[Site "online"]
[Date "2022.02.17"]
[EventDate "2022.02.17"]
[Round "3.97"]
[White "Oâ€™Sullivan, Jack"]
[WhiteElo "978"]
[WhiteTeam "Surrey Kings 3"]
[Black "Vijayakumar, Mrinali"]
[BlackElo "749"]
[BlackTeam "Uxbridge F"]
[Result "1-0"]
[PlyCount "41"]

1. e4 e5 2. Nf3 Nc6 3. Bb5 Bc5 4. d3 Nf6 5. Nbd2 O-O 6. Nf1 Ng4 7. Ne3 Nxf2 8. Kxf2 Nd4 9. Bc4 Nxf3 10. Qxf3 Qe7 11. Rf1 Bxe3+ 12. Bxe3 Qh4+ 13. Kg1 Qe7 14. Qg3 Rd8 15. Bg5 Qe8 16. Bxd8 Qxd8 17. Bxf7+ Kf8 18. Bg6+ Ke7 19. Qh4+ Ke6 20. Qxd8 d5 21. Bf7# 1-0

[Event "Junior Online 4NCL Division 4"]
[Site "online"]
[Date "2022.02.17"]
[EventDate "2022.02.17"]
[Round "3.98"]
[White "Patange, Rashi"]
[WhiteElo "684"]
[WhiteTeam "Uxbridge F"]
[Black "Edwards, Zachary"]
[BlackElo "882"]
[BlackTeam "Surrey Kings 3"]
[Result "0-1"]
[PlyCount "108"]

1. e4 e5 2. Nf3 Nc6 3. Nc3 Bc5 4. Bc4 Nf6 5. O-O d6 6. d3 Be6 7. b3 Qd7 8. Bg5 h6 9. Be3 Bxe3 10. fxe3 Bxc4 11. bxc4 O-O-O 12. Nh4 Nb4 13. Nf5 g6 14. Ng7 d5 15. Rxf6 Rdg8 16. Nb5 dxc4 17. dxc4 Rxg7 18. Nxa7+ Kd8 19. Rc1 Re8 20. Rb1 Ke7 21. Qf1 Nxc2 22. Rxb7 Nxe3 23. Qe2 Kxf6 24. Qxe3 Qd1+ 25. Kf2 Qc2+ 26. Kf3 Qxc4 27. Rb3 Qf1+ 28. Kg3 Qf4+ 29. Qxf4+ exf4+ 30. Kxf4 g5+ 31. Kg4 Ke7 32. Rb7 Rc8 33. Rb5 Ra8 34. Re5+ Kf8 35. Nc6 f6 36. Rc5 Rxa2 37. Nb8 Rxg2+ 38. Kh5 Rxh2+ 39. Kg4 h5+ 40. Kf5 Re7 41. Nc6 Rf2+ 42. Kg6 Rg7+ 43. Kxh5 Rh2+ 44. Kg4 Rg2+ 45. Kf5 Rf2+ 46. Ke6 Re2 47. Kxf6 g4 48. Nd8 Kg8 49. Ne6 Rf7+ 50. Kg6 g3 51. Rg5 g2 52. Kh6+ Kh8 53. Rg7 Rxg7 54. Nxg7 g1=Q 0-1

[Event "Junior Online 4NCL Division 4"]
[Site "online"]
[Date "2022.02.17"]
[EventDate "2022.02.17"]
[Round "3.111"]
[White "Winlaw, Joseph"]
[WhiteElo "1443"]
[WhiteTeam "Chess Rising Stars"]
[Black "Mathew, Aidan"]
[BlackElo "1154"]
[BlackTeam "Uxbridge D"]
[Result "1-0"]
[PlyCount "43"]

1. e4 e5 2. Nf3 Nc6 3. d4 f6 4. Bc4 d6 5. O-O Qe7 6. Nc3 Be6 7. d5 f5 8. dxe6 fxe4 9. Nxe4 O-O-O 10. Bg5 Nf6 11. Bd5 h6 12. Bxf6 gxf6 13. Bxc6 bxc6 14. Qd3 Qxe6 15. Qa6+ Kd7 16. Rad1 d5 17. c4 c5 18. Rxd5+ Ke7 19. Qxe6+ Kxe6 20. Rxd8 f5 21. Nxc5+ Ke7 22. Rfd1 1-0

[Event "Junior Online 4NCL Division 4"]
[Site "online"]
[Date "2022.02.17"]
[EventDate "2022.02.17"]
[Round "3.113"]
[White "Tiers, Antoine"]
[WhiteElo "1374"]
[WhiteTeam "Chess Rising Stars"]
[Black "Pandian, Naren"]
[BlackElo "1003"]
[BlackTeam "Uxbridge D"]
[Result "1-0"]
[PlyCount "87"]

1. e4 e5 2. Nf3 Nc6 3. Bc4 h6 4. Nc3 Nf6 5. d3 d6 6. Be3 Be7 7. h3 O-O 8. Nd2 Nd4 9. Nb3 Nxb3 10. Bxb3 c6 11. f4 exf4 12. Bxf4 d5 13. Qf3 dxe4 14. Nxe4 Be6 15. O-O-O Bxb3 16. axb3 Nxe4 17. dxe4 Qa5 18. Qg4 Bf6 19. Bxh6 Rad8 20. Kb1 Qe5 21. c3 b5 22. Rhf1 b4 23. Rf5 Qe7 24. Rxd8 Rxd8 25. e5 Bxe5 26. Bg5 f6 27. Qc4+ Kf8 28. h4 bxc3 29. bxc3 Rd1+ 30. Kc2 Rd8 31. h5 Bb8 32. h6 Qa3 33. hxg7+ Kxg7 34. Bxf6+ Kg6 35. Qg4+ Kf7 36. Bxd8+ Ke8 37. Qg8+ Kd7 38. Rf7+ Kd6 39. Be7+ Kd7 40. Bxa3+ Ke6 41. Qg6+ Kd5 42. Rf5+ Ke4 43. Qg4+ Ke3 44. Bc5# 1-0

[Event "Junior Online 4NCL Division 4"]
[Site "online"]
[Date "2022.02.17"]
[EventDate "2022.02.17"]
[Round "3.114"]
[White "Tanisetty, Hemesh"]
[WhiteElo "1000"]
[WhiteTeam "Uxbridge D"]
[Black "Kumar, Arnav"]
[BlackElo "1138"]
[BlackTeam "Chess Rising Stars"]
[Result "0-1"]
[PlyCount "44"]

1. e4 c5 2. Nf3 e6 3. Nc3 d5 4. exd5 exd5 5. Qe2+ Be7 6. d4 cxd4 7. Nxd4 Nf6 8. Bg5 O-O 9. O-O-O Re8 10. Qf3 Bg4 11. Qg3 Bxd1 12. Bh6 Nh5 13. Nf5 Nxg3 14. Nxg7 Nxf1 15. Nxe8 Qxe8 16. Kxd1 Nxh2 17. Rxh2 Qd7 18. Rh3 Qg4+ 19. Kc1 Bg5+ 20. Kb1 Bxh6 21. Rxh6 Qxg2 22. Nxd5 Qf1# 0-1